000 00792cab a2200241 4500
001 WB3444-15
008 090401t1998 xxu||||| |||| 00| 0 eng d
035 _a(Sirsi) u89772
041 _aeng
245 _aCereal farmers gloomy
260 _c1998
350 _a0
490 _aFinancial Times
_v17 November 1998, 36(2)
520 _aThe European Commission`s proposals for reform of the cereals sector, including a possible 20% cut in guaranteed prices paid when markets are depressed, are being viewed with pessimism by cereal farmers.
650 _aCEREAL FARMERS
650 _aCEREAL FARMING
650 _aCEREAL PRODUCTION
650 _aCOMMON AGRICULTURAL POLICY
650 _aEUROPEAN COMMISSION
690 _aEUROPE-SINGLE MARKET
942 _n0
948 _c18/11/1998
999 _c56824
_d56824